Англо-русский словарь по патентам и товарным знакам: более 11000 терминов и сокращений

Dettagli Bibliografici
Autore principale: Глядков С. В. Сергей Владимирович
Riassunto:Словарь содержит более 11000 терминов и сокращений, отражающих современное состояние языка в областях, связанных с интеллектуальной собственностью в целом и особенно в наиболее существенных ее разделах, касающихся патентов и товарных знаков. В словарь вошла лексика текстов международных соглашений в области интеллектуальной собственности, патентных законов англоязычных стран, описаний изобретений американских и европейских ведомств, периодической и научной литературы. Словарь предназначен для широкого круга специалистов, профессионально имеющих дело с вопросами регистрации, передачи и защиты всех видов интеллектуальной собственности. В четвертое издание кроме ряда уточнений были внесены термины, связанные с особенностями функционирования прав на интеллектуальную собственность в эпоху цифровых технологий. Словарь издается в авторской редакции.
Lingua:russo
inglese
Pubblicazione: Москва, Руссо, 2003
Edizione:4-е изд., испр. и доп.
Soggetti:
Natura: MixedMaterials Libro
KOHA link:https://koha.lib.tpu.ru/cgi-bin/koha/opac-detail.pl?biblionumber=132679

MARC

LEADER 00000nam0a2200000 4500
001 132679
005 20231031135054.0
010 |a 5887211946 
035 |a (RuTPU)RU\TPU\book\143666 
090 |a 132679 
100 |a 20080305d2003 km y0rusy50 ca 
101 0 |a rus  |a eng 
102 |a RU 
105 |a y e 000zy 
200 1 |a Англо-русский словарь по патентам и товарным знакам   |e более 11000 терминов и сокращений  |f С. В. Глядков 
205 |a 4-е изд., испр. и доп. 
210 |a Москва  |c Руссо  |d 2003 
215 |a 232 с. 
330 |a Словарь содержит более 11000 терминов и сокращений, отражающих современное состояние языка в областях, связанных с интеллектуальной собственностью в целом и особенно в наиболее существенных ее разделах, касающихся патентов и товарных знаков. В словарь вошла лексика текстов международных соглашений в области интеллектуальной собственности, патентных законов англоязычных стран, описаний изобретений американских и европейских ведомств, периодической и научной литературы. Словарь предназначен для широкого круга специалистов, профессионально имеющих дело с вопросами регистрации, передачи и защиты всех видов интеллектуальной собственности. В четвертое издание кроме ряда уточнений были внесены термины, связанные с особенностями функционирования прав на интеллектуальную собственность в эпоху цифровых технологий. Словарь издается в авторской редакции. 
610 1 |a английский язык 
610 1 |a лексика 
610 1 |a словари 
610 1 |a терминологические словари 
610 1 |a патенты 
610 1 |a товарные знаки 
675 |a 608(031)  |v 3 
686 |a Ш143.21-43  |v LBC/SL-A  |2 rubbk 
700 1 |a Глядков  |b С. В.  |g Сергей Владимирович 
801 1 |a RU  |b 63413507  |c 20080305  |g PSBO 
801 2 |a RU  |b 63413507  |c 20110909  |g PSBO 
942 |c BK 
959 |a 27/20080305  |d 1  |e 0  |f ЧЗИЛ:1